Elementos de matemáticas
Guardat en:
| Autors principals: | , |
|---|---|
| Format: | Llibre |
| Idioma: | espanyol |
| Publicat: |
Santiago
Barcelona
1906
|
| Edició: | 3a. ed |
| Matèries: | |
| Etiquetes: |
Afegir etiqueta
Sense etiquetes, Sigues el primer a etiquetar aquest registre!
|
MARC
| LEADER | 00000nam a2200000 a 4500 | ||
|---|---|---|---|
| 001 | UCZ8620 | ||
| 003 | CL-VaPUC | ||
| 008 | 960121e19060000CL |||||||||||||||||spa|d | ||
| 082 | 0 | 4 | |a 372.7 |b TAF |2 21 |
| 100 | 0 | |a Tafelmacher, Augusto |e author |9 353974 | |
| 700 | 0 | |a Poenisch, Ricardo |e author |9 353975 | |
| 245 | 1 | 0 | |a Elementos de matemáticas |
| 250 | |a 3a. ed | ||
| 300 | |a v | ||
| 942 | |c BK | ||
| 945 | |d 19960121 00:00:00 |a lriquelm | ||
| 260 | |a Santiago |b Barcelona |c 1906 | ||
| 500 | |a v.3: Algebra correspondiente al cuarto año de humanidades | ||
| 650 | 0 | |a Matemática |9 260235 | |
| 650 | 0 | |a Matemáticas |x Enseñanza |9 875527 | |
| 650 | 0 | |a Álgebra |9 259567 | |
| 583 | |a last modification |c 19960121 00:00:00 |k Rodrigo Vera | ||
| 999 | |c 244478 |d 244476 | ||
| 952 | |0 0 |1 0 |4 0 |6 372_700000000000000_TAF_1906 |7 0 |8 P |9 258548 |a BIBEDU |b BIBEDU |c BIBEDU_PB |d 2019-11-19 |h v.3 |i 1618180 |o 372.7 TAF 1906 |p 1618180 |r 2024-01-25 |w 2019-11-19 |y BK |k EDU | ||